000 00313nam a2200145Ia 4500
100 _aKulkarni/ K.T
650 _aAutomobiles
942 _cBK
366 _f10
654 _aIndustrial Safety
245 _aIntroduction to Industrial Safety
260 _bKulkarni
_aKalyan
300 _a189
546 _aENGLISH
999 _c27891
_d27891